Schottland A-Z - Statistiken

Allgemein
  • Dieses Quiz wurde 176 mal gespielt
    134 seit der letzten Aktualisierung
  • Das Durchschnittsergebnis liegt bei 12 aus 26
Antwortstatistiken
# Hinweis Antwort % Korrekt
E Hauptstadt Edinburgh
96%
D Traditionelles Holzblasinstrument Dudelsack
85%
K Herrenrock Kilt
84%
L Schottisches Wort für See Loch
80%
V Staat zu dem Schottland seit 1707 gehört Vereinigtes Königreich
78%
P Stadt nach der eine australische Großstadt benannt wurde Perth
69%
X Von William Ramsay entdecktes Edelgas Xenon
54%
A "Ja" in Scots Aye
51%
M Theaterstück von Shakespeare das in Schottland spielt MacBeth
47%
F Entdecker des Penicillins Alexander Fleming
46%
N Nach Schottland benannte Provinz Kanadas Nova Scotia
45%
H Inseln nordwestlich von Schottland Hebriden
42%
O Inselkette nördlich von Schottland Orkneys | Orkadische Inseln
41%
S Inselkette nördlich von Schottland Shetlands | Shetlandinseln
41%
W Schottischer Nationalheld Im Film "Braveheart" von Mel Gibson gespielt William Wallace
41%
G Populärer Sport aus Schottland Golf
37%
T Traditionelle Textilmuster oft in Verbindung mit einem spezifischen Clan Tartan
37%
Z Schotland hatte seinen ersten Sieg bei einer FIFA-Weltmeisterschaft 1974 gegen dieses Land (welches jetzt einen anderen Namen hat) Zaire
37%
B König & Freiheitskämpfer 1306-1329: Robert {Bruce}
34%
Y Vertrag der 1237 die Grenzen von England und Schottland festlegte Vertrag von {York}
33%
R Größte Bank Schottlands RBS
25%
J Aufstände gegen die britische Krone und für die abgesetzten Könige der Stuartdynastie 1689-1745 {Jakobiten}aufstände
18%
U Herkunftsregion der gälischen Schotten Ulster
16%
Q Ältester Fußballverein Schottlands momentan in der 2ten Liga Queen's Park Football Club
15%
I Wikingerreich auf den #H und der Isle of Man Königreich der {Inseln} | Kingdom of the {Isles}
10%
C Vertreibung von Teilen der schottisch-gälischen Bevölkerung aus den Highlands Highland {Clearances}
10%
Keine übereinstimmenden Quizze gefunden
Verteilung der Resultate
Anzahl Personen mit jedem Resultat
Perzentil nach korrekt beantworteten Fragen
Ihre Resultats-Entwicklung
Sie haben dieses Quiz seit der letzten Aktualisierung nicht gespielt